œuf Adopt Me - Statistiques

Statistiques générales
  • Ce quiz a été pris 5 fois
  • Le résultat moyen est 6 sur 37
Statistiques - réponses
Par images Réponse % Correct
œuf royal
100%
œuf à la retraite
50%
œuf de compagnon
50%
œuf de cristal
50%
œuf de départ
50%
œuf diamant
50%
œuf doré
50%
œuf en voie d'extinction
50%
œuf fendu
50%
œuf ordinaire
50%
dangerœuf
0%
oeuf admins en roue libre
0%
œuf Asie du sud-est
0%
œuf australien
0%
œuf aztèque
0%
œuf aztèque royal
0%
œuf bleu
0%
œuf de jardin
0%
œuf de Minion du zodiaque
0%
œuf de Noël
0%
œuf des bois
0%
œuf du désert
0%
œuf du désert royal
0%
œuf du futur de Noël
0%
œuf du Japon
0%
œuf farceur
0%
œuf fermier
0%
œuf fossilisé
0%
œuf jungle
0%
œuf lunaire
0%
œuf lunaire royal
0%
œuf mythique
0%
œuf océanique
0%
œuf pâques 2020
0%
œuf rose
0%
œuf safari
0%
œuf urbain
0%
Aucun quiz correspondant
Distribution des résultats
% des personnes avec chaque résultat
Percentile par nombre de réponses
Votre historique - résultats
Vous n’avez pas pris ce quiz